Antología de la poesía hispanoamericana / (Record no. 24828)

MARC details
000 -LEADER
campo de control de longitud fija 00743nam a2200241 i 4500
001 - NÚMERO DE CONTROL
campo de control 24828
003 - IDENTIFICADOR DE NÚMERO DE CONTROL
campo de control ES-MaACL
005 - FECHA Y HORA DE LA ÚLTIMA TRANSACCIÓN
campo de control 20251003192941.0
007 - CAMPO FIJO DE DESCRIPCIÓN FÍSICA--INFORMACIÓN GENERAL
campo de control de longitud fija t|
008 - DATOS DE LONGITUD FIJA--INFORMACIÓN GENERAL
campo de control de longitud fija 021219s1985 mx ||||1| spa d
020 ## - NÚMERO INTERNACIONAL ESTÁNDAR DEL LIBRO
Número Internacional Estándar del Libro 968-16-1935-8
245 00 - MENCIÓN DEL TÍTULO
Título Antología de la poesía hispanoamericana /
Mención de responsabilidad, etc. selección, prólogo y notas de Juan Cobo Borda.
250 ## - MENCION DE EDICION
Mención de edición 1ª ed.
260 ## - PUBLICACIÓN, DISTRIBUCIÓN, ETC.
Lugar de publicación, distribución, etc. México :
Nombre del editor, distribuidor, etc. Fondo de Cultura Económica,
Fecha de publicación, distribución, etc. 1985.
300 ## - DESCRIPCIÓN FÍSICA
Extensión 518 p. ;
Dimensiones 23 cm.
490 1# - MENCIÓN DE SERIE
Mención de serie Tierra firme
500 ## - NOTA GENERAL
Nota general Indices.
650 #4 - PUNTO DE ACCESO ADICIONAL DE MATERIA--TÉRMINO DE MATERIA
Término de materia o nombre geográfico como elemento de entrada Poesía hispanoamericana-
Subdivisión cronológica S.XX
9 (RLIN) 16227
700 1# - ENTRADA AGREGADA--NOMBRE PERSONAL
Nombre de persona Cobo Borda, Juan Gustavo,
Fechas asociadas al nombre 1948-
9 (RLIN) 39354
830 0# - PUNTO DE ACCESO ADICIONAL DE SERIE-TÍTULO UNIFORME
Título uniforme Tierra firme
9 (RLIN) 178734
852 ## - LOCALIZACIÓN
Ubicación ES-MaACL
Número de control de estantería L-10267
Sublocalización o colección R.111963
Holdings
Estatus retirado Estado de pérdida Estado de daño No para préstamo Biblioteca de origen Biblioteca actual Ubicación en estantería Fecha de adquisición Fuente de adquisición Total de préstamos Signatura topográfica completa Código de barras Visto por última vez Precio de reemplazo Tipo de ítem Koha
        Biblioteca del Ateneo de Madrid Biblioteca del Ateneo de Madrid Depósito 2 17/01/2008     L-10267 1025597 23/02/2023 23/02/2023 Libro impreso